| 000 | 00592nam a2200157 a 4500 | ||
|---|---|---|---|
| 008 | 101026s2007 ||||||||||||||||| || u | ||
| 020 | _a9789001707323 | ||
| 050 | _aHF 5415 Ver | ||
| 100 | _aVerhage, Bronis | ||
| 245 | 1 | 0 | _aMarketing fundamentals.--vol. 1 |
| 260 |
_aGroningen, The Netherlands: _bWolters-Noordhoff _c2007 |
||
| 300 | _a653p.: ill. | ||
| 350 | _a0.00 | ||
| 650 | 0 | _aMARKETING--MANAGEMENT--CASE STUDIES | |
| 995 |
_D0.00 _FCBU-MAIN LIBRARY (Kitwe) _H1 _I0.00 _M1 _UAVAILABLE _WDec 31, 2010 _ZMain Library Open Access Collection |
||
| 999 |
_c50438 _d50438 |
||